000 00958nam a22002417a 4500
008 240605b mp ||||| |||| 00| 0 mon d
020 _a978-99973-1-871-8
035 _a29911
040 _aHE0623081
_bmon
_cMN-UlNLM
_dMN-UlNLM
_erda
041 _amon
042 _a70738
084 _2NNA
_a84(5мон)-44
_bМ.817
100 _aМөнхжин Д.
245 0 _aИхэр хаад
264 _aУБ.
_bМонсудар хэвлэлийн газар
_c2020
300 _a32х.
336 _2rdacontent
_atext
_btxt
337 _2rdamedia
_aunmediated
_bn
338 _2rdacarrier
_avolume
_bnc
650 _aМонсудар хэвлэлийн газрын хүүхдийн номын Жангар редакцаас нийгмийн хариуцлагынхаа хүрээнд буюу Соён гэгээрлийн үйл ажиллагааныха...
942 _2NNA
_cBK
999 _c895522
_d895579